LEADER 03832nam 2200481 450 001 9910774817203321 005 20221121091439.0 010 $a3-11-078526-9 024 7 $a10.1515/9783110785265 035 $a(CKB)5670000000387299 035 $a(NjHacI)995670000000387299 035 $a(DE-B1597)617853 035 $a(DE-B1597)9783110785265 035 $a(EXLCZ)995670000000387299 100 $a20221121d2022 uy 0 101 0 $ager 135 $aur||||||||||| 181 $ctxt$2rdacontent 182 $cc$2rdamedia 183 $acr$2rdacarrier 200 00$aWas macht die Digitalisierung mit der Politik? $eEinwu?rfe und Provokationen /$fedited by Bjo?rn Klein and Robin Schmidt 210 1$aBerlin :$cDe Gruyter Oldenbourg,$d2022. 215 $a1 online resource (v, 169 pages) 311 $a3-11-078522-6 320 $aIncludes bibliographical references and index. 327 $tFrontmatter -- $tInhalt -- $tEinleitung -- $tPolitik und Digitalisierung zwischen historischer Gewordenheit und neuen Wissensordnungen -- $tKartographie der Herausforderungen und Chancen -- $tZehn Thesen zu Digitalisierung und Demokratie -- $t?A Road to the Future?: Zur Zukunftsfähigkeit von Gesellschaft unter Bedingungen von Unsicherheit und Digitalität -- $tDigitale Demokratie und nun ?? ? Eine Utopie der digitalisierten Demokratie -- $tDynamiken politischer Kommunikation -- $tLa transparence et l?obstacle ? Politik im Digitalen zwischen Dauerkommunikation und Diskretion -- $tCui bono? Oder: ?It?s the recipient, stupid!? ? Die Unabgeschlossenheit politischer Kommunikation in der digitalen Kultur -- $tIch träume von einer Welt, in der wir Social Media neu starten -- $tAm Abgrund ? Dr. Data und der heilige Datenberg -- $tEmpörungsengagement und Desinformation ? politische Kommunikation und die Dynamik digitaler Plattformen -- $tPolitisches Transformationspotential in Literatur, Psychologie und Pädagogik -- $tRadikale Netzwerke. Über die Notwendigkeit digitaler Utopien -- $tZum Zusammenhang digitaler und demokratischer Reifungskrisen. Ein entwicklungspsychologischer Essay -- $tDigitalpolitik und Pädagogik -- $tVerzeichnis der Autorinnen und Autoren -- $tAbbildungsverzeichnis 330 $aWelche Rolle spielt Digitalität für die Aushandlung der Frage, wie wir künftig zusammenleben wollen? Wie wirken sich Prozesse der Digitalisierung auf die Meinungsbildung, die Formung politischer Parteien, ihre Kommunikation mit den Wähler*innen, die diskursive Formierung von Themen, die Herstellung von Mehrheiten und deren Regulierung aus? Der vorliegende Band bietet eine konstruktive Perspektive auf die Herausforderungen einer zunehmend durch Digitalisierung geprägten Gesellschaft. Die Beiträge versammeln neben Diagnosen der gegenwärtigen Lage auch Konzepte und spekulative Zukunftsentwürfe, die das Anliegen einer gerechteren Gesellschaft verbindet. Expert*innen aus Wissenschaft, Journalismus und Praxis skizzieren zentrale Ergebnisse der zweiten "Dießener Klausur Mensch|Maschine|Zukunft", die im heutigen, vielfach von kulturkritischen und pessimistischen Perspektiven geprägten Diskurs über Digitalisierung einen Raum für konstruktive Entwürfe, Einwürfe und Provokationen macht. 517 $aWas macht die Digitalisierung mit der Politik? 606 $aInformation technology$xPolitical aspects 610 $acivic education. 610 $adigital society. 610 $adigitalisation. 610 $asocial media. 615 0$aInformation technology$xPolitical aspects. 676 $a303.4833 702 $aKlein$b Bjo?rn 702 $aSchmidt$b Robin 801 0$bNjHacI 801 1$bNjHacl 906 $aBOOK 912 $a9910774817203321 996 $aWas macht die Digitalisierung mit der Politik$92967039 997 $aUNINA LEADER 02058oam 2200505zu 450 001 9910872650803321 005 20241212215024.0 035 $a(CKB)111026746751026 035 $a(SSID)ssj0000451279 035 $a(PQKBManifestationID)12147287 035 $a(PQKBTitleCode)TC0000451279 035 $a(PQKBWorkID)10460431 035 $a(PQKB)11530524 035 $a(EXLCZ)99111026746751026 100 $a20160829d1996 uy 101 0 $aeng 181 $ctxt 182 $cc 183 $acr 200 00$aEUREL International Conference : the detection of abandoned land mines : a humanitarian imperative seeking a technical solution : 7-9th October, 1996 / organised by the Convention of National Societies of Electrical Engineers of Europe (EUREL) under the sp 210 31$a[Place of publication not identified]$cInstitution of Electrical Engineers$d1996 225 0 $aConference publication / IEE EUREL International Conference 300 $aBibliographic Level Mode of Issuance: Monograph 311 08$a0-85296-669-5 606 $aMines (Military explosives)$xDetection$xCongresses 606 $aLand mines$xCongresses 606 $aMilitary & Naval Science$2HILCC 606 $aLaw, Politics & Government$2HILCC 606 $aMilitary Engineering$2HILCC 615 0$aMines (Military explosives)$xDetection$xCongresses. 615 0$aLand mines$xCongresses. 615 7$aMilitary & Naval Science 615 7$aLaw, Politics & Government 615 7$aMilitary Engineering 676 $a623/.26 712 02$aEuropean Commission Joint Research Centre. 712 02$aZhongguo dian zi xue hui 712 02$aConvention of National Societies of Electrical Engineers of Europe 712 02$aEuropean Commission 712 02$aInstitution of Electrical Engineers 801 0$bPQKB 906 $aBOOK 912 $a9910872650803321 996 $aEUREL International Conference : the detection of abandoned land mines : a humanitarian imperative seeking a technical solution : 7-9th October, 1996$92536396 997 $aUNINA